| 000 | 00496nam a2200205Ia 4500 | ||
|---|---|---|---|
| 008 | 170918s9999 xx 000 0 und d | ||
| 020 | _a9780545498746 | ||
| 050 | _bD916 2011 | ||
| 100 | _aDungy, Tony | ||
| 245 | _aRuby's new home / | ||
| 245 | _cTony Dungy and Lauren Dungy. | ||
| 260 | _aNew York : | ||
| 260 | _bScholastic, | ||
| 260 | _c2011 | ||
| 300 | _aunpaged : | ||
| 300 | _bcolored illustration ; | ||
| 300 | _c23cm. | ||
| 440 | _aReady to read level two. | ||
| 500 | _a80 | ||
| 999 |
_c340956 _d340956 |
||